000 00487nam a2200169Ia 4500
005 20250508154047.0
008 008 250505s9999 xx 000 0 eng d
037 _aTextual
040 _aFEDL
_beng
_cFEDL
041 _aeng
_2eng
084 _a371.2, BLA
_qFEDL
100 _aBlaug M
245 0 _aWork of the research unit in the economics and adminstration of education
650 _aSchool Administration
942 _cTEXL
_h371.2, BLA
999 _c1347369
_d1347369